Countries that use the Dollar - 90 Second Sprint - Statistics

General Stats
  • This quiz has been taken 39 times
  • The average score is 16 of 43
Answer Stats
Answer % Correct
Australia
94%
United States
94%
New Zealand
90%
Barbados
77%
St Kitts and Nevis
77%
St Lucia
77%
St Vincent and the Grenadines
77%
Antigua and Barbuda
71%
Canada
71%
Jamaica
68%
Bahamas
65%
Dominica
58%
Trinidad and Tobago
58%
Fiji
55%
Grenada
52%
Tuvalu
45%
Palau
42%
Nauru
39%
Kiribati
35%
Belize
32%
Ecuador
32%
Marshall Islands
32%
Singapore
32%
Solomon Islands
32%
Zimbabwe
26%
El Salvador
23%
Micronesia
23%
Guyana
19%
Niue
19%
Cook Islands
16%
Hong Kong
16%
Cayman Islands
13%
Bermuda
10%
British Virgin Islands
10%
Liberia
10%
Timor-Leste
10%
Brunei
6%
Namibia
6%
Suriname
6%
Taiwan
6%
Turks & Caicos Islands
6%
Anguilla
3%
Montserrat
3%
No matching quizzes found
Score Distribution
Percent of People with Each Score
Percentile by Number Answered
Your Score History
You have not taken this quiz